000 00634nam a2200229Ia 4500
003 OSt
005 20220923225716.0
006 a|||||r|||| 00| 0
007 ta
008 Pun
024 _a273,855
037 _cTextual
040 _aARTS
_cARTS
_bPun
041 _2Pun
_aPun
082 _aO153:g, N6
100 _aਦੁੱਗਲ, ਕਰਤਾਰ ਸਿੰਘ
_9156274
245 0 _aਮੈ੍ਵ ਤੇ ਮੇਰੇ ਸਮਕਾਲੀ
260 _c1996
650 _aਪੰਜਾਬੀ ਸਾਹਿਤ
942 _hO153:g, N6
_cTEXL
_2CC
999 _c379905
_d379905